书目信息 |
| 题名: |
抽样技术
|
|
| 作者: | 金勇进 著 | |
| 分册: | ||
| 出版信息: | 北京 中国人民大学出版社 2012 |
|
| 页数: | 325页 | |
| 开本: | 26cm | |
| 丛书名: | ||
| 单 册: | ||
| 中图分类: | C811 | |
| 科图分类: | ||
| 主题词: | 统计--方法 | |
| 电子资源: | ||
| ISBN: | 978-7-300-15332-2 | |
| 000 | 00547nam0 2200193 450 | |
| 001 | 1759312561 | |
| 005 | 20170329162832.56 | |
| 010 | @a978-7-300-15332-2@d39 | |
| 100 | @a20170329d km y0chiy0120 ea | |
| 101 | 0 | @achi |
| 200 | 1 | @a抽样技术@Achou yang ji shu@f金勇进著@Fjin yong jin zhu |
| 205 | @a3版 | |
| 210 | @a北京@c中国人民大学出版社@d2012 | |
| 215 | @a325页@d26cm | |
| 606 | 0 | @a统计@x方法 |
| 690 | @aC811@v4 | |
| 701 | 0 | @a金勇进@Ajin yong jin@4著 |
| 801 | 0 | @aCN@b大连网信软件有限公司图书馆·11@c20170329 |
| 905 | @b6705695@dC811@eS19@f1 | |
| 抽样技术/金勇进著.-3版.-北京:中国人民大学出版社,2012 |
| 325页;26cm |
| ISBN 978-7-300-15332-2:39 |
| ● |
| 相关链接 |
|
|
|
|
正题名:抽样技术
索取号:C811/S19
 
预约/预借
| 序号 | 登录号 | 条形码 | 馆藏地/架位号 | 状态 | 备注 |